Mojouda almi istamari fourthaal aor faiz kee shairi / (Record no. 524116)

000 -LEADER
fixed length control field 00500nam a22001577a 4500
003 - CONTROL NUMBER IDENTIFIER
control field NUST
020 ## - INTERNATIONAL STANDARD BOOK NUMBER
Terms of availability (Hbk)
038 ## - RECORD CONTENT LICENSOR
Staff Name Shaban
082 ## - DEWEY DECIMAL CLASSIFICATION NUMBER
Classification number 891.4304
Author Mark ABD
100 ## - MAIN ENTRY--PERSONAL NAME
Personal name Abdul Rasheed, Sheikh
9 (RLIN) 14939
245 ## - TITLE STATEMENT
Title Mojouda almi istamari fourthaal aor faiz kee shairi /
Statement of responsibility, etc. Sheikh Abdul Rasheed
300 ## - PHYSICAL DESCRIPTION
Extent 175 p. ;
880 ## - ALTERNATE GRAPHIC REPRESENTATION
Linkage 100-02\r
Title شیخ عبدالرشید
880 ## - ALTERNATE GRAPHIC REPRESENTATION
Linkage 245-02\r
Title موجودہ علمی استعماری صورتحال اور فیض کی شاعری /
942 ## - ADDED ENTRY ELEMENTS (KOHA)
Source of classification or shelving scheme
Koha item type Book
Holdings
Withdrawn status Lost status Source of classification or shelving scheme Damaged status Not for loan Permanent Location Current Location Date acquired Total Checkouts Full call number Barcode Date last seen Price effective from Koha item type
          Central Library (CL) Central Library (CL) 06/16/2019   891.4304 ABD CL-E-1631 06/16/2019 06/16/2019 Book
© 2023 Central Library, National University of Sciences and Technology. All Rights Reserved.